000 00557nam a2200169Ia 4500
005 20250424120302.0
008 250424s9999 xx 000 0 und d
022 _a15755648
050 _aRA 440.3.N6 .C68/
245 0 _aJournal of research and contemporary issues in human kinetics and health education
260 _aIbadan, Nigeria
260 _bUniversity of Lagos
260 _c2016
300 _aviii, 87 p. ill. ; 28 cm.
650 _aHealth education--Nigeria. Health promotion--Nigeria. Education--Nigeria. Athletics--Nigeria.
942 _cSR
999 _c38442
_d38442